00332pab a2200121 454500008004000000100001700040245008400057260000900141300001300150362001200163650002200175773001300197180718b2001 xxu||||| |||| 00| 0 eng d aNarender, A. aManagement of economic regeneration of the Indian innercity: towards a strategy c2001 ap.58-69. aOct-Dec aUrban development aNagarlok